| 000 | 00518nam a2200181Ia 4500 | ||
|---|---|---|---|
| 999 |
_c6516 _d6516 |
||
| 003 | OSt | ||
| 005 | 20200127121518.0 | ||
| 008 | 190216s9999||||xx |||||||||||||| ||und|| | ||
| 020 | _a978817014900 | ||
| 040 | _coclc | ||
| 082 |
_a658.401 _bPRA/B |
||
| 100 |
_aPrasad, L M _91259 |
||
| 245 | 0 |
_aBusiness Policy : Strategic Management / _cL M Prasad |
|
| 250 | _a4th ed. | ||
| 260 |
_bSultan Chand & Co, _c2003. _aNew Delhi: |
||
| 300 | _a636p | ||
| 942 |
_cBK _2ddc _h658.401 _iPRA/B _k658.401 _mPRA/B |
||